| 000 | 00761nam a2200253Ia 4500 | ||
|---|---|---|---|
| 003 | OSt | ||
| 005 | 20220928120429.0 | ||
| 006 | a|||||r|||| 00| 0 | ||
| 007 | ta | ||
| 008 | 220927b |||||||| |||| 00| 0 eng d | ||
| 024 | _a21145 | ||
| 037 | _cTextual | ||
| 040 |
_aSDCL _cSDCL _beng |
||
| 041 |
_2eng _aeng |
||
| 082 | _aP, P5 | ||
| 100 |
_aChapman Siobhan Ed. _9449196 |
||
| 245 | 0 | _aKey thinkers in linguistics and the philosophy of language. | |
| 260 |
_aEdinburgh _bEdinburgh University Press _c2005 |
||
| 300 |
_axii,282p. _ccm. |
||
| 650 |
_aLinguistics-Philosophy _9449197 |
||
| 700 |
_a Routledge Christopher Ed. _9449198 |
||
| 942 |
_hP, P5 _cTEXL _2CC |
||
| 999 |
_c763657 _d763657 |
||